| 000 -LEADER | |
|---|---|
| fixed length control field | 00468nam a22001817a 4500 |
| 005 - DATE AND TIME OF LATEST TRANSACTION | |
| control field | 20230128131324.0 |
| 008 - FIXED-LENGTH DATA ELEMENTS--GENERAL INFORMATION | |
| fixed length control field | 220215b ||||| |||| 00| 0 eng d |
| 020 ## - INTERNATIONAL STANDARD BOOK NUMBER | |
| ISBN | 9788178002903 |
| 041 ## - LANGUAGE CODE | |
| Language code of text/sound track or separate title | eng |
| 082 ## - DEWEY DECIMAL CLASSIFICATION NUMBER | |
| Classification number | 615.5 |
| Item number | IYE-A |
| 100 ## - MAIN ENTRY--AUTHOR NAME | |
| Personal name | IYENGAR,M.A AND NAYAK, S.G.K |
| 245 ## - TITLE STATEMENT | |
| Title | ANATOMY OF CRUDE DRUGS |
| 250 ## - EDITION STATEMENT | |
| Edition statement | 12'TH |
| 260 ## - PUBLICATION, DISTRIBUTION, ETC. (IMPRINT) | |
| Place of publication | HYDRABAD |
| Name of publisher | PHARMA MED PRESS |
| Year of publication | 2006 |
| 300 ## - PHYSICAL DESCRIPTION | |
| Number of Pages | 80;P. |
| 650 ## - SUBJECT ADDED ENTRY--TOPICAL TERM | |
| Topical Term | PHARMACY |
| General subdivision | B.PHARMA & D.PHARMA |
| 942 ## - ADDED ENTRY ELEMENTS (KOHA) | |
| Koha item type | Books |
| Lost status | Damaged status | Collection code | Home library | Current library | Shelving location | Date acquired | Source of acquisition | Cost, normal purchase price | Full call number | Accession Number | Koha item type |
|---|---|---|---|---|---|---|---|---|---|---|---|
| Reference | JRU Library | JRU Library | SHELF-3-B | 15/02/2022 | PURCHASE | 80.00 | 615.5 | 26442 | Books | ||
| PHARMACY | JRU Library | JRU Library | SHELF-19-C | 15/02/2022 | PURCHASE | 80.00 | 615.5 | 26443 | Books | ||
| PHARMACY | JRU Library | JRU Library | SHELF-19-C | 15/02/2022 | PURCHASE | 80.00 | 615.5 | 26444 | Books | ||
| PHARMACY | JRU Library | JRU Library | SHELF-19-C | 15/02/2022 | PURCHASE | 80.00 | 615.5 | 26445 | Books | ||
| PHARMACY | JRU Library | JRU Library | SHELF-19-C | 15/02/2022 | PURCHASE | 80.00 | 615.5 | 26446 | Books | ||
| PHARMACY | JRU Library | JRU Library | SHELF-19-C | 15/02/2022 | PURCHASE | 80.00 | 615.5 | 26447 | Books | ||
| PHARMACY | JRU Library | JRU Library | SHELF-19-C | 15/02/2022 | PURCHASE | 80.00 | 615.5 | 26448 | Books | ||
| PHARMACY | JRU Library | JRU Library | SHELF-19-C | 15/02/2022 | PURCHASE | 80.00 | 615.5 | 26449 | Books | ||
| PHARMACY | JRU Library | JRU Library | SHELF-19-C | 15/02/2022 | PURCHASE | 80.00 | 615.5 | 26450 | Books | ||
| PHARMACY | JRU Library | JRU Library | SHELF-19-C | 15/02/2022 | PURCHASE | 80.00 | 615.5 | 26451 | Books | ||
| PHARMACY | JRU Library | JRU Library | SHELF-19-C | 25/02/2022 | PURCHASE | 80.00 | 615.5 | 26663 | Books | ||
| PHARMACY | JRU Library | JRU Library | SHELF-19-C | 25/02/2022 | PURCHASE | 80.00 | 615.5 | 26664 | Books | ||
| PHARMACY | JRU Library | JRU Library | SHELF-19-C | 25/02/2022 | PURCHASE | 80.00 | 615.5 | 26665 | Books | ||
| PHARMACY | JRU Library | JRU Library | SHELF-19-C | 25/02/2022 | PURCHASE | 80.00 | 615.5 | 26666 | Books | ||
| PHARMACY | JRU Library | JRU Library | SHELF-19-C | 25/02/2022 | PURCHASE | 80.00 | 615.5 | 26667 | Books | ||
| PHARMACY | JRU Library | JRU Library | SHELF-19-C | 20/01/2023 | LOHIA BOOK INTERNATIONAL | 100.00 | 615.5 IYE-A | 27350 | Books | ||
| PHARMACY | JRU Library | JRU Library | SHELF-19-C | 20/01/2023 | LOHIA BOOK INTERNATIONAL | 100.00 | 615.5 IYE-A | 27351 | Books | ||
| PHARMACY | JRU Library | JRU Library | SHELF-19-C | 20/01/2023 | LOHIA BOOK INTERNATIONAL | 100.00 | 615.5 IYE-A | 27352 | Books | ||
| PHARMACY | JRU Library | JRU Library | SHELF-19-C | 20/01/2023 | LOHIA BOOK INTERNATIONAL | 100.00 | 615.5 IYE-A | 27353 | Books | ||
| PHARMACY | JRU Library | JRU Library | SHELF-19-C | 20/01/2023 | LOHIA BOOK INTERNATIONAL | 100.00 | 615.5 IYE-A | 27354 | Books |